UTAU殿堂入り曲持ちP - Statistics

General Stats
  • This quiz has been taken 14 times
  • The average score is 8 of 98
Answer Stats
答え 曲数 % Correct
原口沙輔 6
69%
ゴジマジP 1
69%
青谷 11
38%
亜沙 6
38%
いよわ 3
38%
薄塩指数 7
31%
フロクロ 6
31%
ナカノは4番 10
23%
デスおはぎ 10
23%
ゆくえわっと 10
23%
ピクド 4
23%
こんにちは谷田さん 1
23%
Rsounddesign 1
23%
はるふり 10
15%
ぺぽよ 5
15%
ポリスピカデリー 4
15%
ンバヂ 4
15%
電ǂ鯨 1
15%
きの 1
15%
4o 3
15%
生㌔P 1
15%
オワタP 1
15%
samfree 1
15%
szri 1
15%
xx 6
15%
ある調味料 3
8%
大獏波新 2
8%
いちた 2
8%
不定積分 2
8%
ぴすた 1
8%
とりぴよ 1
8%
市蔵 1
8%
ぴぼ 1
8%
桃源郷 1
8%
青栗鼠 1
8%
マッハ人生 1
8%
平田義久 1
8%
アボガド6 4
8%
6410 1
8%
A4。 1
8%
A_II 2
8%
citrus 3
8%
CrusherP 1
8%
daniwell 1
8%
Mi8k 1
8%
niki 1
8%
nyanyannya 1
8%
ナノリータP 3
8%
ささくれP 1
8%
耳ロボP 1
8%
ずどどんP 1
8%
エレクトロプラモ 6
0%
しめさば 2
0%
物煎餅 2
0%
時雨 2
0%
トマト牛乳 2
0%
椎名もた 2
0%
椎乃味醂 2
0%
ベビタス 1
0%
ミリ子 1
0%
霧島 1
0%
ぽわっ 1
0%
背脂部 1
0%
太一 1
0%
夏毛 1
0%
あち 1
0%
胡桃一刀両断人形 1
0%
カンパニュラ 1
0%
プロペリン 1
0%
吹憐 1
0%
稲むり 1
0%
影法師 1
0%
駒木優 1
0%
和泉蛍 1
0%
4ma15 1
0%
FB777 1
0%
GR 1
0%
hario 4
0%
hayashi 1
0%
imis!n 1
0%
jirno 1
0%
kaoling 1
0%
kihirohito 1
0%
kyiku 1
0%
パンドリストP 4
0%
からっP 1
0%
ツンデレ詐欺P 1
0%
なまはげP 1
0%
オニオンP 1
0%
ケトラP 1
0%
もそもそP 1
0%
r-906 1
0%
Ro2noki 1
0%
ruliea 1
0%
sig 1
0%
taishi 1
0%
Tyki 1
0%
x0o0x_ 2
0%
No matching quizzes found
Score Distribution
Percent of People with Each Score
Percentile by Number Answered
Your Score History
You have not taken this quiz